000 01789nam a22002417a 4500
003 OSt
005 20260602134228.0
008 260602b |||||||| |||| 00| 0 eng d
020 _a9781787475502
040 _aKenya National Library Service
082 _a843.8 HUY
100 _aHuysmans, Joris-Karl
_eauthor
245 _aAgainst Nature /
_cJoris-Karl Huysmans, translated from the French by Theo Cuffe, preface by Luc Sante.
300 _a288 pages ;
_c20 cm.
520 _aAgainst Nature by Joris-Karl Huysmans is a novel in which very little happens; its narrative concentrates almost entirely on its principal character, and is mostly a catalogue of the tastes and inner life of Jean Des Esseintes, an eccentric, reclusive aesthete and antihero, who loathes 19th century bourgeois society and tries to retreat into an ideal artistic world of his own creation. Against Nature contains many themes which became associated with the Symbolist aesthetic. In doing so, it broke from naturalism and became the ultimate example of decadent literature. Jean Des Esseintes is the last member of a powerful and once proud noble family. He has lived an extremely decadent life in Paris which has left him disgusted with human society. Without telling anyone, he absconds to a house in the countryside. He fills the house with his eclectic art collection and decides to spend the rest of his life in intellectual and aesthetic contemplation. Throughout his intellectual experiments, he recalls various debauched events and love affairs of his past in Paris.
650 _aFrench fiction.
650 _aHistorical fiction.
700 _aCuffe, Theo
_eauthor
700 _aSante, Luc
_eauthor
942 _2ddc
_cBK
_n0
999 _c492961
_d492961